Общая экономическая теория: учебник

Մատենագիտական մանրամասներ
Հիմնական հեղինակ: Баликоев В. З. Владимир Заурбекович
Ամփոփում:Учебник представляет собой полный курс экономической теории и соответствует Государственному образовательному стандарту Российской Федерации. В книге излагаются основополагающие вопросы политической экономии, микро- и макроэкономики, экономики переходного периода и мировой экономики. Издание отличается четко выраженной авторской позицией, простым и лаконичным изложением материала и максимальным приближением к реалиям современной России. Учебник адресован прежде всего студентам-экономистам, но может быть рекомендован и тем, кто обучается по другим специальностям гуманитарного, общественного и технического направлений. Он будет полезен также бизнесменам, старшеклассникам общеобразовательных школ, интересующимся не только общей экономической теорией, но и специфическими экономическими проблемами нашей национальной экономики.
Լեզու:ռուսերեն
Հրապարակվել է: Москва, Омега-Л, 2007
Հրատարակություն:10-е изд., испр.
Շարք:Высшее экономическое образование
Խորագրեր:
Ձևաչափ: MixedMaterials Գիրք
KOHA link:https://koha.lib.tpu.ru/cgi-bin/koha/opac-detail.pl?biblionumber=109824

MARC

LEADER 00000nam0a2200000 4500
001 109824
005 20251215145110.0
010 |a 5365006461 
035 |a (RuTPU)RU\TPU\book\118595 
035 |a RU\TPU\book\110180 
090 |a 109824 
100 |a 20070214d2007 m y0rusy50 ca 
101 0 |a rus 
102 |a RU 
105 |a a j 001zy 
200 1 |a Общая экономическая теория  |e учебник  |f В. З. Баликоев 
205 |a 10-е изд., испр. 
210 |a Москва  |c Омега-Л  |d 2007 
215 |a 732 с.  |c ил. 
225 1 |a Высшее экономическое образование 
320 |a Библиогр.: с. 724-725. 
330 |a Учебник представляет собой полный курс экономической теории и соответствует Государственному образовательному стандарту Российской Федерации. В книге излагаются основополагающие вопросы политической экономии, микро- и макроэкономики, экономики переходного периода и мировой экономики. Издание отличается четко выраженной авторской позицией, простым и лаконичным изложением материала и максимальным приближением к реалиям современной России. Учебник адресован прежде всего студентам-экономистам, но может быть рекомендован и тем, кто обучается по другим специальностям гуманитарного, общественного и технического направлений. Он будет полезен также бизнесменам, старшеклассникам общеобразовательных школ, интересующимся не только общей экономической теорией, но и специфическими экономическими проблемами нашей национальной экономики. 
451 1 |0 (RuTPU)RU\TPU\book\150075  |y 5-98029-038-9  |t Общая экономическая теория  |o учебник  |f В. З. Баликоев  |e 11-е изд., стер.  |c М.  |n Омега-Л  |c Новосибирск  |n Сибирское соглашение  |d 2008  |p 732 с.  |a Баликоев, Владимир Заурбекович 
610 1 |a экономика 
610 1 |a экономическая теория 
610 1 |a экономические формации 
610 1 |a экономическая наука 
610 1 |a экономические учения 
610 1 |a история 
610 1 |a предпринимательство 
610 1 |a бизнес 
610 1 |a этика 
610 1 |a политическая экономия 
610 1 |a товарное хозяйство 
610 1 |a рынок 
610 1 |a рыночная конкуренция 
610 1 |a рыночная экономика 
610 1 |a рыночная система 
610 1 |a рынок ценных бумаг 
610 1 |a ценообразование 
610 1 |a обмен 
610 1 |a общественное благосостояние 
610 1 |a человеческий капитал 
610 1 |a накопление 
610 1 |a общественное воспроизводство 
610 1 |a переходная экономика 
610 1 |a микроэкономика 
610 1 |a фирмы 
610 1 |a потребительское поведение 
610 1 |a заработная плата 
610 1 |a доходы 
610 1 |a распределение 
610 1 |a макроэкономика 
610 1 |a национальные счета 
610 1 |a экономические кризисы 
610 1 |a экономические циклы 
610 1 |a государственное регулирование 
610 1 |a макроэкономическое равновесие 
610 1 |a экономический рост 
610 1 |a международные экономические отношения 
610 1 |a мировая валютная система 
610 1 |a финансово-кредитная система 
610 1 |a практикумы 
610 1 |a учебники 
686 |a У011я73  |2 rubbk 
700 1 |a Баликоев  |b В. З.  |g Владимир Заурбекович 
801 1 |a RU  |b 63413507  |c 20060920  |g PSBO 
801 2 |a RU  |b 63413507  |c 20150827  |g PSBO 
942 |c BK